000 00770nam a2200169 a 4500
001 000029875
005 20200930055855.0
008 110426s1990 dr 000 0 spa d
040 _aDO-SdBNP
_bspa
_cBNPHU
111 1 _aCongreso internacional de de la Asociación de Lingüística y Filología de América Latina
_d(1989:
_cSanto Domingo
_n7a : 6 octubre )
_956619
245 1 0 _aApuntes para la historia de los estudios lingüísticos en la República Dominicana /
_cRafael González Tirado.
260 _aSanto Domingo :
_bPublicación de la Asociación de lingüística y Filología de América Latina,
_c1990.
_fEditora Gente
300 _a8 p. ;
_c22 cm.
500 _aEn homenaje a Pedro Henríquez Ureña
700 1 _aGonzález Tirado, Rafael
_93030
049 _aBNPD
999 _c29367
_d29367